| 000 | 01264cam a22003497a 4500 | ||
|---|---|---|---|
| 001 | 17472344 | ||
| 005 | 20170105102352.0 | ||
| 008 | 120924s2012 maua b 001 0 eng d | ||
| 010 | _a 2012471479 | ||
| 020 | _a9781608073764 | ||
| 020 | _a1608073769 | ||
| 035 | _a(OCoLC)ocn778067519 | ||
| 040 |
_aYDXCP _beng _cYDXCP _dBWX _dCUV _dOCLCQ _dCUV _dDLC |
||
| 042 | _alccopycat | ||
| 050 | 0 | 0 |
_aQA76.592 _b.A58 2012 |
| 082 | 0 | 0 |
_a004.019 _223 |
| 245 | 0 | 0 |
_aAntennas and propagation for body-centric wireless communications _cPeter S. Hall, Yang Hao, editors. |
| 250 | _a2nd ed. | ||
| 260 |
_aBoston : _bArtech House, _c2012. |
||
| 300 |
_axiv, 387 p. : _bill. ; _c26 cm. |
||
| 490 | 1 | _aArtech House antennas and propagation series | |
| 504 | _aIncludes bibliographical references and index. | ||
| 650 | 0 |
_aWearable computers _xDesign and construction. |
|
| 650 | 0 |
_aWireless communication systems _xEquipment and supplies _xDesign and construction. |
|
| 650 | 0 | _aHuman-computer interaction. | |
| 700 | 1 | _aHall, Peter S. | |
| 700 | 1 | _aHao, Yang. | |
| 830 | 0 | _aArtech House antennas and propagation library. | |
| 906 |
_a7 _bcbc _ccopycat _d2 _encip _f20 _gy-gencatlg |
||
| 942 |
_2ddc _cBK |
||
| 999 |
_c11961 _d11961 |
||